000
00305nam a2200109Ia 4500
008
200626s9999 xx 000 0 und d
020
_a
0-619-20377-3
245
_a
Access 2003: basic:
_b
Student Manual:/
260
_a
Boston:
_b
Course Technology
_c
2003
300
_a
xii, 1-3 pages
500
_a
Includes Index
999
_c
363868
_d
363868